000 01422nkc a2200289 i 4500
001 200452891
003 TR-AnTOB
005 20240917101451.0
007 tb
008 230411s2007 tu ||| |||| 0| autur d
040 _aTR-AnTOB
_beng
_erda
_cTR-AnTOB
041 0 _atur
_aeng
050 1 4 _aDR724
_b.A835 2007
090 _aDR724
_b.A835 2007
100 1 _aAşçı, Arif,
_d1958-
_9141644
_ephotographer
245 1 0 _aİstanbul için zaman zaman notları /
_cArif Aşçı.
264 1 _aİstanbul:
_bA4 Ofset,
_c2007.
300 _a10 leaves of plates :
_bphotographs ;
_csheet 65x30 cm
336 _atext
_btxt
_2rdacontent
336 _astill image
_btxt
_2rdaconten
337 _aunmediated
_bn
_2rdamedia
338 _avolume
_bnc
_2rdacarrier
500 _aBu sanatçı portfolyosu A4 Ofset tarafından 20-23 Temmuz 2007'de duoton baskı adet üretilmiştir. Tüm baskı öncesi dijital kayıtlar ve baskı kalıpları İstanbul 18. Noteri huzurunda sanatçı tarafından imha edildikten sonra baskılar Arif Aşçı tarafından 1 den 150'ye kadar numaralandırılmış ve imzalanmıştır. CtP: Fuji Luxel V x-9600, Baskı kalıpları: Fuji Lp-NV, Baskı: Komori Lithrone S40, Kağıt: 320 gr/m² Carta Solida A. Bristol, Baskı Mürekkebi: Huber Deep Black 3520/01 ODFB, Kauçuk: Vulcan Image.
651 0 _aİstanbul (Türkiye)
_vResimli çalışmalar
_950851
942 _2lcc
_cAB
999 _c200452891
_d71103